| 000 | 00743nam a2200265Ia 4500 | ||
|---|---|---|---|
| 008 | 171120s9999 xx 000 0 und d | ||
| 020 | _a9.7862102008e+012 | ||
| 050 | _a158.1 | ||
| 050 | _bS714 2016 | ||
| 100 | _aSoriano, Edwin S. | ||
| 245 | _aBe happy hungry! : | ||
| 245 | _b12 keys to being happy for who you are, hungry for who you could be / | ||
| 245 | _cby Edwin S. Soriano. | ||
| 260 | _aPhilippines : | ||
| 260 | _bWinning Coaching, | ||
| 260 | _c2016 | ||
| 300 | _a146 pages : | ||
| 300 | _billustrations ; | ||
| 300 | _c22cm. | ||
| 500 | _aIncludes bibliographic reference. | ||
| 650 | _aHappiness. | ||
| 650 | _aInterpersonal relations. | ||
| 650 | _aPersonal improvement and analysis. | ||
| 700 | _aTitle. | ||
| 999 |
_c345407 _d345407 |
||